[Event "Geller Memorial op-A 7th"]
[Site "Odessa"]
[Date "2011.08.23"]
[Round "4"]
[White "Shchuka, Fedor"]
[Black "Shershun, Sergey"]
[Result "0-1"]
[WhiteElo "1964"]
[BlackElo "1938"]
[PlyCount "94"]
[EventDate "2011.08.20"]
[EventType "swiss"]
[EventRounds "9"]
[EventCountry "UKR"]
[SourceTitle "EXT 2014"]
[Source "ChessBase"]
[SourceDate "2013.11.20"]
[SourceVersion "1"]
[SourceVersionDate "2013.11.20"]
[SourceQuality "1"]

1. e4 c5 2. c3 d5 3. exd5 Qxd5 4. d4 cxd4 5. cxd4 Nf6 6. Nf3 e6 7. Nc3 Qd8 8. Bd3 Be7 9. 0-0 Nc6 10. Be3 0-0 11. a3 Re8 12. Ne5 Bd7 13. Ne4 Nd5 14. Nxd7 Qxd7 15. Qh5 f5 16. Ng5 Bxg5 17. Qxg5 Qe7 18. Qxe7 Rxe7 19. Bb5 Rc7 20. Rac1 Rac8 21. g3 a6 22. Bd3 Na5 23. Rxc7 Rxc7 24. Rc1 Rxc1+ 25. Bxc1 Nc6 26. Be3 Kf7 27. Kf1 Kf6 28. Ke2 g5 29. Bc4 Nce7 30. Kd3 b5 31. Bb3 f4 32. Bd2 Kf5 33. Bd1 g4 34. Bb3 Ng6 35. Bxd5 exd5 36. b3 fxg3 37. fxg3 Ne7 38. Bf4 Nc6 39. Bd6 Na5 40. Kc3 Ke4 41. Bf4 Nc6 42. a4 b4+ 43. Kb2 Nxd4 44. Bd6 Nc6 45. Kc2 a5 46. Bc7 d4 47. Kd2 d3 0-1

[Event "UKR-ch U20"]
[Site "Ukraine"]
[Date "2010.??.??"]
[Round "6"]
[White "Reshetkov, Kirill"]
[Black "Shchuka, Fedor"]
[Result "1-0"]
[WhiteElo "2145"]
[BlackElo "1910"]
[PlyCount "23"]
[EventDate "2010.??.??"]
[EventType "swiss"]
[EventRounds "11"]
[EventCountry "UKR"]
[SourceTitle "EXT 2012"]
[Source "ChessBase"]
[SourceDate "2011.11.24"]
[SourceVersion "1"]
[SourceVersionDate "2011.11.24"]
[SourceQuality "1"]

1. Nf3 d5 2. g3 c5 3. Bg2 Nc6 4. 0-0 e5 5. d3 Nf6 6. Bg5 Be7 7. Nfd2 Be6 8. c4 e4 9. cxd5 Bxd5 10. Nc3 exd3 11. Bxf6 Bxg2 12. Bxe7 1-0

[Event "UKR-ch U20"]
[Site "Ukraine"]
[Date "2010.??.??"]
[Round "4"]
[White "Volovikov, Albert"]
[Black "Shchuka, Fedor"]
[Result "0-1"]
[WhiteElo "1970"]
[BlackElo "1910"]
[PlyCount "100"]
[EventDate "2010.??.??"]
[EventType "swiss"]
[EventRounds "11"]
[EventCountry "UKR"]
[SourceTitle "EXT 2012"]
[Source "ChessBase"]
[SourceDate "2011.11.24"]
[SourceVersion "1"]
[SourceVersionDate "2011.11.24"]
[SourceQuality "1"]

1. e4 c6 2. d4 d5 3. Nc3 dxe4 4. Nxe4 Bf5 5. Ng3 Bg6 6. Nf3 Nd7 7. h4 h6 8. h5 Bh7 9. Bd3 Bxd3 10. Qxd3 e6 11. Bf4 Be7 12. 0-0-0 Ngf6 13. c4 0-0 14. Ne5 Rc8 15. Qe3 b5 16. Bxh6 gxh6 17. Kb1 Kg7 18. Ne2 bxc4 19. Qg3+ Kh7 20. Nxf7 Rxf7 21. Qg6+ Kh8 22. Qxf7 Nf8 23. Nf4 Qe8 24. Qxe8 Rxe8 25. f3 Nd5 26. Nh3 c3 27. Rd3 Rb8 28. b3 Nd7 29. Re1 c5 30. dxc5 Nxc5 31. Rxd5 exd5 32. Rxe7 d4 33. Kc2 a5 34. Rc7 Na6 35. Rc4 Nb4+ 36. Kd1 Nxa2 37. Nf4 Rxb3 38. Nd3 Nb4 39. Nxb4 Rxb4 40. Rc6 Kg7 41. Kc2 Rb2+ 42. Kd3 Rd2+ 43. Ke4 c2 44. Ke5 d3 45. Rc7+ Kf8 46. Ke6 Re2+ 47. Kf6 Re8 48. Kg6 Rd8 49. Kf6 d2 50. Rh7 Rd6+ 0-1